| 000 | nam a22 7a 4500 | ||
|---|---|---|---|
| 999 |
_c15272 _d15272 |
||
| 008 | 161028b xxu||||| |||| 00| 0 eng d | ||
| 020 | _a0846203359 | ||
| 050 | _aPR 3091 .S67 1972 | ||
| 100 | _aSprague,Arthur Colby | ||
| 245 |
_aShakespeare and the actors : _b the stage business in his plays (1660-1905)/ _cArthur Colby Sprague |
||
| 260 |
_aNew York : _bRussell & Russell, _cc1972 |
||
| 300 |
_axxv, 442p. : _bill. ; _c15cm |
||
| 500 | _aIncludes index. | ||
| 650 |
_aShakespear,William _x1564-1616 _yStage History |
||
| 650 |
_aShakespear,William _x1564-1616 _yDramatic |
||
| 650 |
_aShakespear,William _x1564-1616 |
||
| 942 |
_2lcc _cBOOKS _hPR 3091 .S67 1972 |
||